|
|
|
|
| LEADER |
01348nam a22003975i 4500 |
| 001 |
978-1-4020-4749-5 |
| 003 |
DE-He213 |
| 005 |
20120626112413.0 |
| 007 |
cr nn 008mamaa |
| 008 |
100301s2006 ne | s |||| 0|eng d |
| 020 |
|
|
|a 9781402047495
|9 978-1-4020-4749-5
|
| 024 |
7 |
|
|a 10.1007/978-1-4020-4749-5
|2 doi
|
| 040 |
|
|
|d GrThAP
|
| 050 |
|
4 |
|a TK1-9971
|
| 072 |
|
7 |
|a THR
|2 bicssc
|
| 072 |
|
7 |
|a TEC007000
|2 bisacsh
|
| 082 |
0 |
4 |
|a 621.3
|2 23
|
| 100 |
1 |
|
|a Tarricone, Luciano.
|
| 245 |
1 |
0 |
|a Advances in Information Technologies for Electromagnetics
|h [electronic resource] /
|c edited by Luciano Tarricone, Alessandra Esposito.
|
| 260 |
|
|
|a Dordrecht :
|b Springer Netherlands,
|c 2006.
|
| 300 |
|
|
|b digital.
|
| 650 |
|
0 |
|a Engineering.
|
| 650 |
|
0 |
|a Computer science.
|
| 650 |
|
0 |
|a Telecommunication.
|
| 650 |
1 |
4 |
|a Engineering.
|
| 650 |
2 |
4 |
|a Electronic and Computer Engineering.
|
| 650 |
2 |
4 |
|a Computer Science, general.
|
| 650 |
2 |
4 |
|a Communications Engineering, Networks.
|
| 650 |
2 |
4 |
|a Systems and Information Theory in Engineering.
|
| 700 |
1 |
|
|a Esposito, Alessandra.
|
| 710 |
2 |
|
|a SpringerLink (Online service)
|
| 773 |
0 |
|
|t Springer eBooks
|
| 776 |
0 |
8 |
|i Printed edition:
|z 9781402047480
|
| 856 |
4 |
0 |
|u http://dx.doi.org/10.1007/978-1-4020-4749-5
|z Full Text via HEAL-Link
|
| 912 |
|
|
|a ZDB-2-ENG
|
| 950 |
|
|
|a Engineering (Springer-11647)
|